LEADER 01560oam 2200433 a 450 001 9910702338003321 005 20131127081633.0 035 $a(CKB)5470000002426780 035 $a(OCoLC)820963398 035 $a(EXLCZ)995470000002426780 100 $a20121212d2012 ua 0 101 0 $aeng 135 $aurbn||||a|||| 181 $ctxt$2rdacontent 182 $cc$2rdamedia 183 $acr$2rdacarrier 200 10$aNorthern Ireland$b[electronic resource] $ewhy justice in individual cases matters : hearing before the Commission on Security and Cooperation in Europe, One Hundred Twelfth Congress, first session, March 16, 2011 210 1$aWashington :$cU.S. G.P.O.,$d2012. 215 $a1 online resource (iii, 51 pages) 300 $aTitle from title screen (viewed on Dec. 12, 2012). 300 $aPaper version available for sale by the Supt. of Docs., U.S. G.P.O. 300 $a"CSCE 112-1-2." 320 $aIncludes bibliographical references. 517 $aNorthern Ireland 606 $aPolice misconduct$zNorthern Ireland 606 $aBombing investigation$zNorthern Ireland 606 $aAssassination$xInvestigation$zNorthern Ireland 606 $aGovernmental investigations$zNorthern Ireland 615 0$aPolice misconduct 615 0$aBombing investigation 615 0$aAssassination$xInvestigation 615 0$aGovernmental investigations 801 0$bGPO 801 1$bGPO 801 2$bGPO 906 $aBOOK 912 $a9910702338003321 996 $aNorthern Ireland$9455761 997 $aUNINA LEADER 04025oam 22009134a 450 001 9910953527103321 005 20221208213659.0 010 $a9780253048257 010 $a0253048257 010 $a9780253048264 010 $a0253048265 010 $a9780253048271 010 $a0253048273 035 $a(CKB)4100000011259032 035 $a(MiAaPQ)EBC6208473 035 $a(Au-PeEL)EBL6208473 035 $a(OCoLC)1154121370 035 $a(OCoLC)1273305999 035 $a(MdBmJHUP)musev2_83704 035 $a(MiAaPQ)EBC6830015 035 $a(Au-PeEL)EBL6830015 035 $a(MiAaPQ)EBC30356812 035 $a(Au-PeEL)EBL30356812 035 $a(Perlego)1468915 035 $a(EXLCZ)994100000011259032 100 $a20200430d2020 uy 0 101 0 $aeng 135 $aurcnu|||||||| 181 $ctxt$2rdacontent 182 $cc$2rdamedia 183 $acr$2rdacarrier 200 10$aEchoes of Trauma and Shame in German Families$eThe Post?World War II Generations /$fLina Jakob 205 $a1st ed. 210 1$aBloomington :$cIndiana University Press,$d2020. 210 4$dİ2020. 215 $a1 online resource (248 pages) 311 08$a9780253048240 311 08$a0253048249 327 $aIntro -- Title Page -- Copyright -- Dedication -- Contents -- Acknowledgments -- Introduction -- 1. Between "Mastering" and "Silencing" the Past: Public Commemorations of World War II -- 2. "Why Do You Have to Dig Around in the Past?": Conversations about World War II in German Families -- 3. Better "Sick" Than "Strange": The Kriegsenkel Movement and the Desire to Legitimize Suffering -- 4. "Hooray, I Am a Kriegsenkel!": Suffering and Liberation in the Age of Therapy -- 5. The Invisible Wounds of War: Kriegsenkel Accounts of Transgenerational Transmission -- 6. The Losses and the Shame of War: Absence in Kriegsenkel Narratives -- Conclusion -- Appendix: Interview Structure and Sample Questions -- Bibliography -- Index -- About the Author. 330 $aDrawing on interviews, participant observation, and a broad range of scholarship, Lina Jakob considers how the Kriegsenkel movement emerged at the nexus between public and familial silences about World War II, and critically discusses how this new collective identity is constructed and addressed within the framework of psychology and Western therapeutic culture. 606 $aPsychological aspects$2fast$3(OCoLC)fst01354086 606 $aPsychic trauma$2fast$3(OCoLC)fst01081217 606 $aChildren and war$2fast$3(OCoLC)fst00855242 606 $aChildren$2fast$3(OCoLC)fst00854835 606 $aBaby boom generation$2fast$3(OCoLC)fst00824987 606 $aWorld War, 1939-1945$xChildren$zGermany 606 $aPsychic trauma$zGermany 606 $aChildren and war$zGermany$xHistory$y20th century 606 $aBaby boom generation$zGermany 606 $aWorld War, 1939-1945$xPsychological aspects 606 $aWorld War, 1939-1945$xChildren$zGermany 606 $aPsychic trauma$zGermany 606 $aChildren and war$zGermany$xHistory$y20th century 606 $aBaby boom generation$zGermany 607 $aGermany$2fast 608 $aLivres nume?riques. 608 $aHistory 615 7$aPsychological aspects. 615 7$aPsychic trauma. 615 7$aChildren and war. 615 7$aChildren. 615 7$aBaby boom generation. 615 7$aWorld War, 1939-1945$xChildren 615 7$aPsychic trauma 615 7$aChildren and war$xHistory 615 7$aBaby boom generation 615 7$aWorld War, 1939-1945$xPsychological aspects. 615 7$aWorld War, 1939-1945$xChildren 615 7$aPsychic trauma 615 7$aChildren and war$xHistory 615 7$aBaby boom generation 676 $a306.87094309045 700 $aJakob$b Lina$01789610 801 0$bMdBmJHUP 801 1$bMdBmJHUP 906 $aBOOK 912 $a9910953527103321 996 $aEchoes of Trauma and Shame in German Families$94325256 997 $aUNINA LEADER 00972nam0-22003491i-450 001 990003706230403321 005 20251121112702.0 010 $a88-428-0272-7 035 $a000370623 035 $aFED01000370623 035 $a(Aleph)000370623FED01 100 $a20030910d1996----km-y0itay50------ba 101 0 $aita 102 $aIT 105 $ay-------001yy 200 1 $a<>Stato Federale$eun manuale per capire, un saggio per riflettere$fGianfranco Pasquino 210 $aMilano$cil Saggiatore$dc1996 215 $a122 p.$cill.$d18 cm 225 1 $aDue punti$v5 610 0 $aFederalismo 610 0 $aStato federale 676 $a321.02$v20 700 1$aPasquino,$bGianfranco$f<1942- >$0124397 801 0$aIT$bUNINA$gRICA$2UNIMARC 901 $aBK 912 $a990003706230403321 952 $aH7.350$b6580$fDECTS 952 $aA 453 CAN$b127/2022$fDARPU 959 $aDARPU 959 $aDECTS 996 $aStato Federale$9500831 997 $aUNINA